[Event "XV C.to Italiano U20"]
[Site "Fiuggi ITA"]
[Date "2007.07.25"]
[Round "8"]
[White "Basile, Luca"]
[Black "Cinque, Antonio"]
[Result "0-1"]
[WhiteElo "1781"]
[BlackElo "1653"]
[PlyCount "52"]
[EventDate "2007.07.18"]

1. e4 e6 2. d4 d5 3. exd5 exd5 4. Be3 Nc6 5. Nf3 Bd6 6. Bd3 Nge7 7. h3 h6 8.
O-O Be6 9. Re1 Qd7 10. Qd2 O-O-O 11. Nc3 g5 12. Nb5 g4 13. Nxd6+ cxd6 14. hxg4
Bxg4 15. Nh2 Rdg8 16. f3 Bh5 17. c3 Bg6 18. Bb5 Bh5 19. a4 Rg6 20. g4 f5 21.
Bd3 Rhg8 22. Kh1 fxg4 23. fxg4 Bxg4 24. c4 dxc4 25. Bxc4 d5 26. Bd3 26... Bh3 {
...} 0-1

[Event "XV C.to Italiano U20"]
[Site "Fiuggi ITA"]
[Date "2007.07.25"]
[Round "8"]
[White "Bosi, Clint"]
[Black "Messina, Salvatore"]
[Result "1-0"]
[WhiteElo "2080"]
[BlackElo "1374"]
[PlyCount "55"]
[EventDate "2007.07.18"]

1. e4 c5 2. b4 cxb4 3. a3 e5 4. axb4 Bxb4 5. c3 Be7 6. Nf3 Nc6 7. d4 exd4 8.
cxd4 d5 9. Bb5 a6 10. exd5 Qxd5 11. Nc3 Bb4 12. Qe2+ Nge7 13. Bd2 Bxc3 14. Bxc3
Qe6 15. Ne5 O-O 16. O-O Nxe5 17. dxe5 Bd7 18. Bd3 Rac8 19. Bb4 Rfe8 20. Bd2 Nc6
21. f4 f6 22. Bc4 Nd4 23. Bxe6+ Nxe6 24. Rac1 Bb5 25. Qg4 Bxf1 26. Rxc8 Rxc8
27. Qxe6+ Kf8 28. Bb4+ 1-0

[Event "XV C.to Italiano U20"]
[Site "Fiuggi ITA"]
[Date "2007.07.25"]
[Round "8"]
[White "Bove, Alessandro"]
[Black "Lettieri, Giuseppe"]
[Result "0-1"]
[WhiteElo "2173"]
[BlackElo "2293"]
[PlyCount "118"]
[EventDate "2007.07.18"]

1. d4 d5 2. Nf3 Bf5 3. Bf4 Nc6 4. c3 Qd7 5. e3 f6 6. Bb5 e6 7. Qa4 Nge7 8. Nbd2
a6 9. b4 Ra7 10. Be2 g5 11. Bg3 h5 12. h4 g4 13. Nh2 Bh6 14. Nhf1 Kf7 15. Qb3
Kg7 16. Qb2 Re8 17. a4 b6 18. Nb3 Bg6 19. Bf4 Bxf4 20. exf4 Qd6 21. Qd2 Nf5 22.
Bd3 a5 23. Bxf5 Bxf5 24. b5 Ne7 25. Ng3 Kg6 26. O-O c6 27. bxc6 Rc8 28. Nc1
Rxc6 29. Nce2 Rc4 30. f3 Qc6 31. fxg4 hxg4 32. Qd1 Be4 33. Nxe4 dxe4 34. f5+
exf5 35. Ng3 Kh7 36. Nxf5 Nxf5 37. Rxf5 Rg7 38. Qe2 Rxc3 39. Raf1 e3 40. Rxf6
Qxa4 41. Qb2 Qb3 42. Rxb6 Qxb2 43. Rxb2 a4 44. Ra2 a3 45. Rfa1 Ra7 46. Kf1 Kg6
47. Ke2 Kf5 48. g3 Rb3 49. Rd1 Ke4 50. d5 Rb2+ 51. Rxb2 axb2 52. Rb1 Rf7 53. d6
Rf2+ 54. Ke1 Kf3 55. d7 Re2+ 56. Kf1 Rc2 57. Kg1 Rc1+ 58. Kh2 Rxb1 59. d8=Q
Rh1+ 0-1

[Event "XV C.to Italiano U20"]
[Site "Fiuggi ITA"]
[Date "2007.07.25"]
[Round "8"]
[White "Cantu', Guido"]
[Black "Frilli, Guido"]
[Result "0-1"]
[WhiteElo "1854"]
[BlackElo "2168"]
[PlyCount "66"]
[EventDate "2007.07.18"]

1. e4 c5 2. Nf3 Nc6 3. d4 cxd4 4. Nxd4 Nf6 5. Nc3 e5 6. Ndb5 d6 7. Bg5 a6 8.
Na3 b5 9. Bxf6 gxf6 10. Nd5 Bg7 11. Bd3 Ne7 12. Nxe7 Qxe7 13. c3 f5 14. Nc2 O-O
15. Ne3 f4 16. Nd5 Qg5 17. Kf1 Bb7 18. h4 Qd8 19. h5 h6 20. Bc2 Rc8 21. Bb3 Qg5
22. Qf3 Kh8 23. Rd1 f5 24. exf5 b4 25. f6 Bxf6 26. cxb4 Bg7 27. Qd3 Rf5 28. Ne7
Qxg2+ 29. Ke2 e4 30. Qh3 f3+ 31. Ke1 e3 32. Qxg2 fxg2 33. Rg1 exf2+ 0-1

[Event "XV C.to Italiano U20"]
[Site "Fiuggi ITA"]
[Date "2007.07.25"]
[Round "8"]
[White "Caprio, Guido"]
[Black "Maggi, Fabrizio"]
[Result "1-0"]
[WhiteElo "1961"]
[BlackElo "1895"]
[PlyCount "113"]
[EventDate "2007.07.18"]

1. e4 e6 2. d4 d5 3. Nc3 Bb4 4. Bd3 c5 5. exd5 exd5 6. dxc5 Nc6 7. Nf3 Bxc5 8.
O-O Nge7 9. Bf4 O-O 10. h3 h6 11. Re1 Be6 12. Qd2 Nb4 13. Rad1 Nxd3 14. Qxd3
Rc8 15. Nd4 Bxd4 16. Qxd4 Ng6 17. Bg3 a6 18. Qb4 b5 19. Rd4 Ne7 20. Qd6 Qxd6
21. Bxd6 Nf5 22. Bxf8 Nxd4 23. Rd1 Nxc2 24. Be7 d4 25. Ne2 Rc7 26. Bh4 Rd7 27.
Nc1 Bf5 28. Nd3 Bxd3 29. Rxd3 Nb4 30. Rd1 Nxa2 31. f3 g5 32. Be1 b4 33. Kf2 Kg7
34. Ke2 Kf6 35. Kd3 Ke5 36. Kc2 d3+ 37. Rxd3 b3+ 38. Rxb3 Rc7+ 39. Kd2 Rd7+ 40.
Kc2 Rc7+ 41. Kd1 Rd7+ 42. Bd2 a5 43. Rb5+ Ke6 44. Rb6+ Ke7 45. Rxh6 Nb4 46. Ke2
Rd5 47. Bxb4+ axb4 48. Rb6 Rd4 49. Ke3 Rc4 50. Kd3 Rf4 51. Rb5 f6 52. Rc5 b3
53. Kc3 Kf7 54. Kxb3 Rd4 55. Rc2 f5 56. Kc3 Rd7 57. b4 1-0

[Event "XV C.to Italiano U20"]
[Site "Fiuggi ITA"]
[Date "2007.07.25"]
[Round "8"]
[White "Coladangelo, Andrea"]
[Black "Pomaro, Alberto"]
[Result "0-1"]
[WhiteElo "1783"]
[BlackElo "2149"]
[PlyCount "60"]
[EventDate "2007.07.18"]

1. e4 c6 2. d4 d5 3. exd5 cxd5 4. c4 Nf6 5. Nc3 e6 6. Nf3 Be7 7. c5 O-O 8. b4
Ne4 9. Nxe4 dxe4 10. Ne5 Bf6 11. Bb2 e3 12. fxe3 Bxe5 13. dxe5 Qh4+ 14. g3 Qe4
15. Rg1 Qxe3+ 16. Qe2 Qxg1 17. O-O-O Qh1 18. b5 Bd7 19. a4 Bc6 20. bxc6 Qxc6
21. Qc2 Na6 22. Ba3 Rfd8 23. Rd6 Qf3 24. Bd3 h6 25. Kb2 Qe3 26. Qc3 Qf2+ 27.
Qc2 Qxc2+ 28. Kxc2 Nxc5 29. Bb5 a6 30. Bxc5 Rdc8 0-1

[Event "XV C.to Italiano U20"]
[Site "Fiuggi ITA"]
[Date "2007.07.25"]
[Round "8"]
[White "Dini, Andrea"]
[Black "Cantoro, Daniele"]
[Result "1/2-1/2"]
[WhiteElo "1949"]
[BlackElo "1876"]
[PlyCount "79"]
[EventDate "2007.07.18"]

1. d4 d5 2. Nf3 Nf6 3. Bf4 Bf5 4. c4 dxc4 5. Qa4+ Nc6 6. Nc3 Nd5 7. Nxd5 Qxd5
8. g4 Bxg4 9. Bg2 O-O-O 10. O-O Qa5 11. Qxc4 e6 12. Rfd1 Qb4 13. Qc2 Qb6 14.
Rac1 Bd6 15. Be3 Nb4 16. Qa4 Nd5 17. Bd2 Nf4 18. Bxf4 Bxf4 19. e3 Bd6 20. Rd2
Kb8 21. Rdc2 Bxf3 22. Bxf3 c6 23. a3 Rc8 24. Bg2 h5 25. h3 Qb5 26. Qxb5 cxb5
27. Rxc8+ Rxc8 28. Rxc8+ Kxc8 29. Bf3 h4 30. Be2 a6 31. Bh5 g6 32. Bf3 Kc7 33.
Kf1 a5 34. Ke1 Kb6 35. Kd2 Kc7 36. Bg2 g5 37. Bf3 b6 38. Be2 b4 39. a4 Bh2 40.
f3 1/2-1/2

[Event "XV C.to Italiano U20"]
[Site "Fiuggi ITA"]
[Date "2007.07.25"]
[Round "8"]
[White "Dvirnyy, Danyyil"]
[Black "Brunello, Sabino"]
[Result "0-1"]
[WhiteElo "2365"]
[BlackElo "2475"]
[PlyCount "120"]
[EventDate "2007.07.18"]

1. e4 e5 2. Nf3 Nc6 3. Bb5 a6 4. Ba4 Nf6 5. O-O Be7 6. Re1 b5 7. Bb3 O-O 8. h3
Bb7 9. d3 Re8 10. c3 Bf8 11. Bg5 h6 12. Bh4 d6 13. Nbd2 g6 14. Nf1 Bg7 15. Ne3
Qd7 16. Nh2 Na5 17. Bc2 c5 18. Qf3 Nh5 19. Rad1 Rac8 20. a3 Nf4 21. Bg3 Ne6 22.
Nd5 Bxd5 23. exd5 Ng5 24. Qe2 f5 25. f3 c4 26. h4 Nh7 27. Bf2 Nf6 28. Qf1 Qf7
29. d4 Nxd5 30. dxe5 dxe5 31. h5 Nf4 32. hxg6 Qxg6 33. g4 e4 34. Kh1 Nd3 35.
gxf5 Qxf5 36. Rxe4 Rxe4 37. Bxd3 cxd3 38. fxe4 Qxe4+ 39. Qg2 Qxg2+ 40. Kxg2 Nc4
41. Rxd3 Rc6 42. a4 bxa4 43. Rd8+ Kh7 44. Rb8 a3 45. bxa3 Nxa3 46. Rb7 Nb5 47.
Bd4 Nxd4 48. cxd4 Kg6 49. d5 Rc2+ 50. Kh3 Rc3+ 51. Kg4 h5+ 52. Kf4 Bh6+ 53. Ke4
Re3+ 54. Kd4 Bf4 55. Rb6+ Kf5 56. Rxa6 Rh3 57. Nf1 Rf3 58. Ra8 Rxf1 59. Rf8+
Kg4 60. Rg8+ Kf3 0-1

[Event "XV C.to Italiano U20"]
[Site "Fiuggi ITA"]
[Date "2007.07.25"]
[Round "8"]
[White "Locci, Damiano"]
[Black "Fossati, Remigio"]
[Result "1/2-1/2"]
[WhiteElo "2025"]
[BlackElo "2195"]
[PlyCount "24"]
[EventDate "2007.07.18"]

1. Nf3 Nf6 2. c4 g6 3. Nc3 d5 4. cxd5 Nxd5 5. e4 Nxc3 6. dxc3 Qxd1+ 7. Kxd1 Bg7
8. Bf4 c6 9. Bc4 O-O 10. Ke2 Nd7 11. Rhd1 Nc5 12. Nd2 e5 1/2-1/2

[Event "XV C.to Italiano U20"]
[Site "Fiuggi ITA"]
[Date "2007.07.25"]
[Round "8"]
[White "Navarro, Stefano"]
[Black "Stella, Andrea"]
[Result "1-0"]
[WhiteElo "2242"]
[BlackElo "2132"]
[PlyCount "75"]
[EventDate "2007.07.18"]

1. e4 e6 2. Nf3 d5 3. Nc3 Nf6 4. e5 Nfd7 5. d4 c5 6. dxc5 Bxc5 7. Bd3 Nc6 8.
Qe2 f6 9. exf6 Nxf6 10. Bf4 O-O 11. O-O-O Qa5 12. Kb1 Nb4 13. Be5 d4 14. Nxd4
Nfd5 15. Nb3 Nxc3+ 16. Bxc3 Qxa2+ 17. Kc1 Rxf2 18. Qe5 Bf8 19. Bxb4 Bxb4 20.
Bxh7+ Kxh7 21. Qe4+ Kg8 22. Qxb4 Rf8 23. Rhf1 Rxf1 24. Rxf1 Bd7 25. Qe7 Qa4 26.
Qf7+ Kh7 27. Rf4 Be8 28. Qf8 Bc6 29. Qd6 Rd8 30. Qe5 Rd5 31. Qe3 Qb5 32. c4 Re5
33. Qh3+ Rh5 34. cxb5 Rxh3 35. gxh3 Bxb5 36. Nd4 Bc4 37. Re4 Bd5 38. Re3 1-0

[Event "XV C.to Italiano U20"]
[Site "Fiuggi ITA"]
[Date "2007.07.25"]
[Round "8"]
[White "Ronchetti, Niccolo'"]
[Black "Rombaldoni, Axel"]
[Result "1-0"]
[WhiteElo "2410"]
[BlackElo "2269"]
[PlyCount "175"]
[EventDate "2007.07.18"]

1. e4 c5 2. Nf3 d6 3. Bb5+ Nd7 4. d4 Ngf6 5. O-O a6 6. Bxd7+ Nxd7 7. Nc3 e6 8.
Bg5 Be7 9. Bxe7 Qxe7 10. dxc5 dxc5 11. e5 O-O 12. Ne4 Rd8 13. Qe2 b6 14. Rad1
Bb7 15. Rfe1 b5 16. Nd6 Nb6 17. b3 Nd5 18. Qd2 Bc6 19. c4 Nb6 20. Qe3 bxc4 21.
bxc4 Nc8 22. Ne4 Nb6 23. Nd6 Nc8 24. Qxc5 Bxf3 25. gxf3 Qg5+ 26. Kh1 Nxd6 27.
Rxd6 Rxd6 28. Qxd6 Qh4 29. Rd1 h5 30. Qd4 Qh3 31. Qe4 Rc8 32. Kg1 g6 33. Rc1
Rc5 34. Qa8+ Kg7 35. Qe4 Kg8 36. Qf4 Qf5 37. Qxf5 exf5 38. f4 f6 39. exf6 Kf7
40. Kf1 Kxf6 41. a4 Ke7 42. Ke2 Rc6 43. Kd2 Kd6 44. Rc3 Kc7 45. Kc2 Kb6 46. Kb3
Kc5 47. Rd3 Rb6+ 48. Kc3 Rb1 49. Rd5+ Kc6 50. Re5 Rf1 51. Kb4 Rb1+ 52. Ka5 Rb2
53. Re6+ Kc5 54. Rxg6 Rxf2 55. Rg5 Rxf4 56. Rxh5 Rxc4 57. Rxf5+ Kc6 58. Rf6+
Kb7 59. Rf7+ Kc6 60. Rf6+ Kb7 61. Rb6+ Kc7 62. Rb4 Rc6 63. h4 Rh6 64. Rd4 Kb7
65. Rc4 Rh5+ 66. Kb4 Kb6 67. Kc3 Ka5 68. Kd3 Rh6 69. Ke3 Rh7 70. Kf3 Rh8 71.
Kg4 Rg8+ 72. Kf5 Rf8+ 73. Kg6 Rg8+ 74. Kf7 Rg1 75. h5 Rh1 76. Kg6 Rg1+ 77. Kf5
Rh1 78. Kg5 Rg1+ 79. Rg4 Rc1 80. h6 Rc5+ 81. Kh4 Rc7 82. Kh5 Rb7 83. Rf4 Rc7
84. Kg6 Rc6+ 85. Rf6 Rc1 86. h7 Rg1+ 87. Kf7 Rh1 88. Kg7 1-0

[Event "XV C.to Italiano U20"]
[Site "Fiuggi ITA"]
[Date "2007.07.25"]
[Round "8"]
[White "Valsecchi, Alessio"]
[Black "Rombaldoni, Denis"]
[Result "0-1"]
[WhiteElo "2175"]
[BlackElo "2383"]
[PlyCount "82"]
[EventDate "2007.07.18"]

1. e4 c6 2. d4 d5 3. e5 Bf5 4. Nf3 e6 5. Be2 Nd7 6. O-O Ne7 7. Nh4 c5 8. c3 Be4
9. Nd2 Nc6 10. Nhf3 cxd4 11. cxd4 Bg6 12. Nb3 Be7 13. Bd2 a6 14. Rc1 O-O 15.
Qe1 Qb6 16. Ba5 Qa7 17. a3 Rac8 18. Bb4 Bxb4 19. axb4 Qb6 20. b5 axb5 21. Qd2
b4 22. Kh1 Na5 23. Nxa5 Qxa5 24. Nh4 Qb6 25. f4 Rxc1 26. Rxc1 Be4 27. Bf3 Nb8
28. Bxe4 dxe4 29. f5 Rd8 30. f6 h6 31. Qf4 Qxd4 32. Qg4 g5 33. Qh5 Qd2 34. Rf1
gxh4 35. Qg4+ Qg5 36. Qxe4 Nc6 37. Ra1 Qxe5 38. Qxh4 Qg5 39. Qf2 Rd2 40. Qf1
Kh7 41. Ra8 Qd5 0-1

[Event "XV C.to Italiano U20"]
[Site "Fiuggi ITA"]
[Date "2007.07.26"]
[Round "9"]
[White "Albertini, Luca"]
[Black "Basile, Luca"]
[Result "1/2-1/2"]
[WhiteElo "1697"]
[BlackElo "1781"]
[PlyCount "116"]
[EventDate "2007.07.18"]

1. d4 c5 2. dxc5 Nc6 3. Nf3 e6 4. Nc3 Bxc5 5. e3 Nf6 6. Bd2 d5 7. Bb5 Bd7 8.
O-O O-O 9. Ne2 a6 10. Bxc6 Bxc6 11. Ng3 Re8 12. Ne5 Bd6 13. Nxc6 bxc6 14. Bc3
Nd7 15. Re1 Qh4 16. Qf3 Be5 17. Bxe5 Nxe5 18. Qd1 Rab8 19. e4 Ng4 20. h3 Nf6
21. e5 Nd7 22. b3 a5 23. a3 a4 24. b4 c5 25. c3 Qf4 26. Qe2 Rec8 27. Qe3 Qxe3
28. Rxe3 Nb6 29. Ree1 cxb4 30. cxb4 Rc3 31. Ne2 Rd3 32. Rec1 Nc4 33. Nc3 g6 34.
f4 Ra8 35. Ra2 g5 36. f5 Nxe5 37. fxe6 fxe6 38. Re2 Ng6 39. Nb5 Nf4 40. Re5 Rg3
41. Rc2 h6 42. Kh2 Rd3 43. g3 Nh5 44. Rxe6 Rf8 45. g4 Rxh3+ 46. Kxh3 Nf4+ 47.
Kg3 Nxe6 48. Rd2 d4 49. Nxd4 Rd8 50. Nf3 Rc8 51. Re2 Nf4 52. Re3 Rc2 53. Nd4
Rb2 54. Kf3 Kf7 55. Nf5 Kg6 56. Ne7+ Kh7 57. Nf5 Ng6 58. Nd4 Kg7 1/2-1/2

[Event "XV C.to Italiano U20"]
[Site "Fiuggi ITA"]
[Date "2007.07.26"]
[Round "9"]
[White "Brunello, Sabino"]
[Black "Lettieri, Giuseppe"]
[Result "1/2-1/2"]
[WhiteElo "2475"]
[BlackElo "2293"]
[PlyCount "58"]
[EventDate "2007.07.18"]

1. e4 c5 2. Nf3 d6 3. c3 Nf6 4. h3 g6 5. Bd3 Bg7 6. O-O O-O 7. Bc2 e5 8. d4
exd4 9. cxd4 Nc6 10. dxc5 dxc5 11. Nc3 Be6 12. Be3 Qa5 13. Qe2 Rad8 14. Rfd1
Nh5 15. Nd5 Bxd5 16. exd5 Nd4 17. Nxd4 cxd4 18. Bxd4 Rxd5 19. Bxg7 Kxg7 20.
Rxd5 Qxd5 21. Bb3 Qg5 22. Qf3 b6 23. Rd1 Qf6 24. Rd7 Qxf3 25. gxf3 a5 26. a4
Nf4 27. Kh2 g5 28. Bc4 h5 29. Rb7 h4 1/2-1/2

[Event "XV C.to Italiano U20"]
[Site "Fiuggi ITA"]
[Date "2007.07.26"]
[Round "9"]
[White "Cantoro, Daniele"]
[Black "Bosi, Clint"]
[Result "1/2-1/2"]
[WhiteElo "1876"]
[BlackElo "2080"]
[PlyCount "51"]
[EventDate "2007.07.18"]

1. e4 g6 2. d4 Bg7 3. f4 c5 4. c3 cxd4 5. cxd4 d5 6. e5 e6 7. Nc3 Ne7 8. Nf3
O-O 9. Bd3 Nbc6 10. Be3 Nb4 11. Bb1 b6 12. a3 Nbc6 13. Bd3 Nf5 14. Bf2 f6 15.
Rc1 fxe5 16. fxe5 Ncxd4 17. Nxd4 Nxd4 18. Bxg6 Rxf2 19. Kxf2 Bxe5 20. Bxh7+ Kh8
21. Qh5 Qf6+ 22. Kg1 Nb3 23. Bg6+ Kg7 24. Qh7+ Kf8 25. Qh6+ Kg8 26. Qh7+
1/2-1/2

[Event "XV C.to Italiano U20"]
[Site "Fiuggi ITA"]
[Date "2007.07.26"]
[Round "9"]
[White "Cinque, Antonio"]
[Black "Romano, Zeno"]
[Result "1/2-1/2"]
[WhiteElo "1653"]
[BlackElo "1866"]
[PlyCount "57"]
[EventDate "2007.07.18"]

1. d4 d5 2. g3 e6 3. Bg2 Nf6 4. Bg5 Be7 5. e3 Nbd7 6. Nd2 O-O 7. c3 h6 8. Bxf6
Nxf6 9. f4 b6 10. h3 Bb7 11. Ngf3 Nd7 12. O-O c5 13. Ne5 Qe8 14. Bf3 Nxe5 15.
dxe5 Qd7 16. Nb3 Rfd8 17. Qc2 Rac8 18. Rad1 Qc7 19. Qg2 a5 20. Rf2 Ba6 21. Rfd2
a4 22. Nc1 Rd7 23. Ne2 Bc4 24. e4 d4 25. Kh2 Rcd8 26. cxd4 Bxe2 27. Bxe2 Rxd4
28. Bb5 a3 29. b3 1/2-1/2

[Event "XV C.to Italiano U20"]
[Site "Fiuggi ITA"]
[Date "2007.07.26"]
[Round "9"]
[White "Dvirnyy, Danyyil"]
[Black "Ronchetti, Niccolo'"]
[Result "1/2-1/2"]
[WhiteElo "2365"]
[BlackElo "2410"]
[PlyCount "29"]
[EventDate "2007.07.18"]

1. e4 g6 2. d4 Bg7 3. Nf3 d6 4. Bc4 Nf6 5. Qe2 O-O 6. O-O Nc6 7. e5 Ne8 8. Nbd2
Bg4 9. Qe3 d5 10. Bb5 f6 11. h3 Bf5 12. Bxc6 bxc6 13. c3 c5 14. dxc5 c6 15. e6
1/2-1/2

[Event "XV C.to Italiano U20"]
[Site "Fiuggi ITA"]
[Date "2007.07.26"]
[Round "9"]
[White "Fossati, Remigio"]
[Black "Navarro, Stefano"]
[Result "1/2-1/2"]
[WhiteElo "2195"]
[BlackElo "2242"]
[PlyCount "31"]
[EventDate "2007.07.18"]

1. d4 d5 2. c4 e6 3. Nc3 Nf6 4. cxd5 exd5 5. Bg5 Be7 6. e3 c6 7. Bd3 Nbd7 8.
Qc2 O-O 9. Nge2 Re8 10. O-O Nf8 11. f3 Ng6 12. Rae1 Nh5 13. Bxe7 Rxe7 14. e4
dxe4 15. fxe4 Nf6 16. h3 1/2-1/2

[Event "XV C.to Italiano U20"]
[Site "Fiuggi ITA"]
[Date "2007.07.26"]
[Round "9"]
[White "Gorgoglione, Enrico"]
[Black "Lombardo, Michele"]
[Result "0-1"]
[WhiteElo "1748"]
[BlackElo "2002"]
[PlyCount "108"]
[EventDate "2007.07.18"]

1. d4 Nf6 2. c4 g6 3. Nc3 Bg7 4. e4 d6 5. f3 Nbd7 6. Bd3 c5 7. d5 a6 8. Nge2
Ne5 9. Be3 Nxd3+ 10. Qxd3 Rb8 11. O-O Bd7 12. e5 Ng8 13. exd6 exd6 14. Ne4 Bf5
15. N2c3 Ne7 16. Rae1 O-O 17. Qd2 b5 18. Nxd6 Qxd6 19. Bf4 Qd7 20. g4 Rb7 21.
gxf5 Nxf5 22. cxb5 axb5 23. Be5 Bxe5 24. Rxe5 Qd6 25. f4 Rd8 26. Ne4 Qb6 27.
Qf2 c4 28. Qxb6 Rxb6 29. Rd1 f6 30. Rxf5 gxf5 31. Ng3 Kf7 32. Nxf5 Rb7 33. Kf2
Kg6 34. Ne3 Ra7 35. a3 Kf7 36. Kf3 c3 37. bxc3 Rxa3 38. Rb1 Rb8 39. c4 Re8 40.
Rxb5 Raxe3+ 41. Kg4 Rc3 42. c5 Rc8 43. Rb7+ Kg6 44. c6 h5+ 45. Kh4 Re8 46. Rb2
Re4 47. Rf2 Rd4 48. Rg2+ Kh6 49. Rg3 Rxg3 50. hxg3 Rxd5 51. g4 hxg4 52. Kxg4
Rc5 53. c7 Rxc7 54. Kf5 Kg7 0-1

[Event "XV C.to Italiano U20"]
[Site "Fiuggi ITA"]
[Date "2007.07.26"]
[Round "9"]
[White "Maggi, Fabrizio"]
[Black "Coladangelo, Andrea"]
[Result "1-0"]
[WhiteElo "1895"]
[BlackElo "1783"]
[PlyCount "125"]
[EventDate "2007.07.18"]

1. c4 Nf6 2. Nc3 g6 3. e4 d6 4. d4 Bg7 5. Nge2 O-O 6. Ng3 e5 7. d5 c6 8. Be2
cxd5 9. cxd5 Nbd7 10. h4 h5 11. Bg5 Qb6 12. Rb1 a5 13. Na4 Qb4+ 14. Bd2 Qd4 15.
Qc2 Ne8 16. a3 Qa7 17. Be3 Qb8 18. Nb6 Nxb6 19. Bxb6 Bd7 20. Qd2 a4 21. Rc1 Bf6
22. Rc3 Bd8 23. Bxd8 Qxd8 24. Qh6 Qf6 25. Nxh5 gxh5 26. Rg3+ Bg4 27. Qxh5 Ng7
28. Qxg4 Qh6 29. Qg5 Qxg5 30. Rxg5 f5 31. h5 Kf7 32. h6 Ne8 33. Rxf5+ Nf6 34.
h7 Kg7 35. Rg5+ Kh8 36. f3 Rac8 37. Kd2 Rc7 38. Rg6 Rxh7 39. Rxh7+ Kxh7 40. Rg3
Nd7 41. Bb5 Nc5 42. Kc3 Kh6 43. Kb4 Re8 44. Rh3+ Kg5 45. g3 Rf8 46. Be2 Kg6 47.
g4 Kg5 48. Rh5+ Kg6 49. Kb5 Re8 50. Bd1 Ra8 51. Bc2 Rf8 52. Rf5 Ra8 53. g5 Nd7
54. Bxa4 Ra6 55. Kb4 Rb6+ 56. Kc3 Nc5 57. Bc2 Kh5 58. b4 Na6 59. Bd3 Nc7 60. a4
Na6 61. Bxa6 Rxa6 62. a5 Ra8 63. Kb3 1-0

[Event "XV C.to Italiano U20"]
[Site "Fiuggi ITA"]
[Date "2007.07.26"]
[Round "9"]
[White "Messina, Salvatore"]
[Black "Dini, Andrea"]
[Result "0-1"]
[WhiteElo "1374"]
[BlackElo "1949"]
[PlyCount "92"]
[EventDate "2007.07.18"]

1. d4 c5 2. e3 e6 3. c4 Nf6 4. Nc3 b6 5. Nf3 d6 6. Be2 Bb7 7. Bd2 Be7 8. O-O
O-O 9. Qb3 Nbd7 10. Rac1 a6 11. a4 Qc7 12. Rfe1 Rab8 13. Qc2 Ne8 14. Bd3 g6 15.
Be4 f5 16. Bd3 Ng7 17. e4 f4 18. d5 e5 19. Rcd1 g5 20. h3 Bc8 21. Bc1 Rf7 22.
Be2 Nf8 23. Qd2 Ng6 24. b3 Bd7 25. Na2 Qd8 26. b4 Bxa4 27. bxc5 bxc5 28. Nc3
Bxd1 29. Qxd1 Qa5 30. Bd2 Qa3 31. Qc2 Qb2 32. Qa4 Qb4 33. Rb1 Qxb1+ 34. Nxb1
Rxb1+ 35. Kh2 h5 36. Ng1 Bf8 37. Qxa6 Rbb7 38. Qa5 Ra7 39. Qc3 Rfb7 40. g3 Ra2
41. gxf4 gxf4 42. Be1 Rb1 43. Bd2 Raa1 44. Bd3 Rxg1 45. Qc2 Rh1+ 46. Kg2 Nh4#
0-1

[Event "XV C.to Italiano U20"]
[Site "Fiuggi ITA"]
[Date "2007.07.26"]
[Round "9"]
[White "Pesce, Gabriele"]
[Black "Valsecchi, Alessio"]
[Result "0-1"]
[WhiteElo "2000"]
[BlackElo "2175"]
[PlyCount "30"]
[EventDate "2007.07.18"]

1. e4 g6 2. d4 Bg7 3. Be3 c5 4. Nc3 Qa5 5. Qd2 cxd4 6. Bxd4 Nf6 7. f3 Nc6 8.
Be3 O-O 9. g4 d6 10. Nge2 Ne5 11. Nd4 Qb4 12. O-O-O Nxf3 13. Nxf3 Nxe4 14. Qd4
Bxd4 15. Rxd4 Nxc3 0-1

[Event "XV C.to Italiano U20"]
[Site "Fiuggi ITA"]
[Date "2007.07.26"]
[Round "9"]
[White "Sellitti, Federico"]
[Black "Cantu', Guido"]
[Result "1-0"]
[WhiteElo "2171"]
[BlackElo "1854"]
[PlyCount "51"]
[EventDate "2007.07.18"]

1. e4 c5 2. Nc3 Nc6 3. f4 d6 4. Nf3 g6 5. Bc4 e6 6. O-O Nge7 7. a3 Bg7 8. Qe1
O-O 9. d3 a6 10. Qh4 b5 11. Bb3 Nd4 12. Nxd4 cxd4 13. Ne2 d5 14. e5 Nf5 15. Qf2
Qb6 16. c3 Rb8 17. cxd4 Bd7 18. g4 Ne7 19. Qh4 Nc6 20. Be3 b4 21. a4 Rbc8 22.
Rf3 Na5 23. Bd1 h6 24. Rh3 b3 25. f5 Qd8 26. f6 1-0

[Event "XV C.to Italiano U20"]
[Site "Fiuggi ITA"]
[Date "2007.07.26"]
[Round "9"]
[White "Stella, Andrea"]
[Black "Bellemo, Davide"]
[Result "1-0"]
[WhiteElo "2132"]
[BlackElo "2067"]
[PlyCount "219"]
[EventDate "2007.07.18"]

1. d4 d5 2. c4 e6 3. Nc3 Nf6 4. cxd5 exd5 5. Bg5 Be7 6. e3 O-O 7. Bd3 c6 8. Qc2
h6 9. Bh4 Re8 10. Nge2 Ne4 11. Bxe7 Qxe7 12. Bxe4 dxe4 13. Ng3 f5 14. O-O Na6
15. f3 Nb4 16. Qd2 f4 17. Ngxe4 fxe3 18. Qe2 b6 19. Rfc1 Nd5 20. Nxd5 cxd5 21.
Nc3 Bb7 22. Re1 Qb4 23. Rad1 a5 24. a3 Qd6 25. Qb5 Re6 26. Qb3 Rae8 27. Rc1
R8e7 28. Qb5 Rg6 29. Qd3 Qf6 30. Rc2 Qg5 31. f4 Qf6 32. Rxe3 Ba6 33. Nxd5 Bxd3
34. Nxf6+ Rxf6 35. Rxd3 Rxf4 36. h3 Rd7 37. d5 Rd6 38. Rc6 Rff6 39. Rxd6 Rxd6
40. Kf2 Kf7 41. Ke3 Ke7 42. Ke4 Rf6 43. Rf3 Rg6 44. g4 Kd6 45. Rf5 Ke7 46. Rf3
Kd6 47. Rc3 Rg5 48. Rc6+ Kd7 49. Rxb6 h5 50. gxh5 Rxh5 51. Rb7+ Kd6 52. Rxg7
Rxh3 53. Rg6+ Kd7 54. Rb6 Kc7 55. Rb5 a4 56. Kd4 Rh2 57. Rb4 Rd2+ 58. Kc5 Rc2+
59. Kb5 Rd2 60. Kxa4 Rxd5 61. Rh4 Kb6 62. Kb4 Rb5+ 63. Kc3 Rc5+ 64. Kb3 Rf5 65.
a4 Ka5 66. Ka3 Rf3+ 67. b3 Rg3 68. Rh5+ Ka6 69. Rc5 Rg4 70. Rc4 Rg6 71. Kb4 Rh6
72. Rg4 Rb6+ 73. Ka3 Rf6 74. Rg5 Re6 75. Rd5 Rg6 76. Kb4 Rb6+ 77. Kc4 Rc6+ 78.
Rc5 Rg6 79. b4 Rg4+ 80. Kb3 Rg3+ 81. Rc3 Rg6 82. a5 Rg4 83. Rc6+ Ka7 84. Ka4
Rf4 85. Rc5 Ka6 86. Rc6+ Kb7 87. Rh6 Rg4 88. a6+ Ka7 89. Ka5 Rg1 90. Rh7+ Ka8
91. b5 Rg5 92. Rc7 Kb8 93. Rd7 Rf5 94. Kb6 Rf6+ 95. Kc5 Rf1 96. Kc6 Rf6+ 97.
Rd6 Rf8 98. Kb6 Rg8 99. Kc6 Rc8+ 100. Kd7 Rc7+ 101. Ke6 Rc1 102. b6 Re1+ 103.
Kf5 Rf1+ 104. Ke4 Re1+ 105. Kf3 Re8 106. Rc6 Rf8+ 107. Ke2 Rd8 108. b7 Re8+
109. Kd3 Rd8+ 110. Kc4 1-0

[Event "XXXIV C.to Italiano femminile"]
[Site "Fiuggi ITA"]
[Date "2007.07.18"]
[Round "1"]
[White "Brunello, Roberta"]
[Black "Palmitessa, Irene"]
[Result "1-0"]
[WhiteElo "1953"]
[BlackElo "1655"]
[PlyCount "41"]
[EventDate "2007.07.18"]

1. e4 e5 2. Nf3 Nc6 3. d4 exd4 4. Nxd4 Qf6 5. Be3 Bc5 6. c3 Nge7 7. Bc4 Bb6 8.
O-O Na5 9. Be2 d5 10. Nd2 c5 11. N4f3 d4 12. cxd4 cxd4 13. e5 Qf5 14. Bxd4 Bxd4
15. Nxd4 Qxe5 16. Bb5+ Bd7 17. Bxd7+ Kxd7 18. N2f3 Qd5 19. Qa4+ Nec6 20. Nxc6
Qxc6 21. Ne5+ 1-0

[Event "XXXIV C.to Italiano femminile"]
[Site "Fiuggi ITA"]
[Date "2007.07.18"]
[Round "1"]
[White "Chierici, Marianna"]
[Black "Di Cerbo, Giulia"]
[Result "1-0"]
[WhiteElo "2004"]
[BlackElo "1863"]
[PlyCount "69"]
[EventDate "2007.07.18"]

1. e4 e6 2. d3 d5 3. Nd2 Nf6 4. g3 c5 5. Bg2 Nc6 6. Ngf3 Be7 7. O-O O-O 8. Re1
dxe4 9. dxe4 e5 10. b3 Bg4 11. h3 Bh5 12. g4 Bg6 13. Bb2 Qc7 14. Nh4 Rad8 15.
Qc1 Ne8 16. Ndf3 Nd4 17. Nf5 f6 18. N3xd4 cxd4 19. c3 dxc3 20. Qxc3 Bc5 21.
Rac1 Bb6 22. Qb4 Ba5 23. Ne7+ Kf7 24. Qa3 Qxe7 25. Qxa5 b6 26. Qa4 Nd6 27. Ba3
Qd7 28. Red1 Qxa4 29. bxa4 Nxe4 30. Bxf8 Rxf8 31. Rd7+ Ke8 32. Rxg7 Nc5 33.
Rxa7 Rg8 34. a5 Nd7 35. Rc8+ 1-0

[Event "XXXIV C.to Italiano femminile"]
[Site "Fiuggi ITA"]
[Date "2007.07.18"]
[Round "1"]
[White "De Rosa, Mariagrazia"]
[Black "Brunello, Marina"]
[Result "1-0"]
[WhiteElo "2085"]
[BlackElo "1947"]
[PlyCount "97"]
[EventDate "2007.07.18"]

1. Nf3 Nf6 2. c4 e6 3. g3 d5 4. Bg2 Be7 5. O-O O-O 6. cxd5 exd5 7. d4 c6 8. Nc3
h6 9. Ne5 Bf5 10. Qb3 Qb6 11. Qxb6 axb6 12. h3 Bb4 13. g4 Bxc3 14. bxc3 Be4 15.
f3 Bh7 16. h4 Re8 17. g5 hxg5 18. hxg5 Nfd7 19. Nxd7 Nxd7 20. Bh3 Re7 21. Rf2
b5 22. e3 Nb6 23. Re2 Nc4 24. Kf2 Bd3 25. Re1 Rae8 26. a4 Ra8 27. a5 Rxa5 28.
Rxa5 Nxa5 29. Ba3 Re8 30. Bd6 Nc4 31. Bf4 Ra8 32. e4 Ra2+ 33. Kg3 dxe4 34. fxe4
Rc2 35. g6 Rxc3 36. gxf7+ Kxf7 37. Kh4 b4 38. e5 Rc2 39. e6+ Ke8 40. Bg4 Bg6
41. Ra1 b3 42. Bg5 Nb6 43. Ra7 Kf8 44. Rxb7 Kg8 45. Rxb6 b2 46. Rb8+ Kh7 47. e7
Rg2 48. Bf5 Re2 49. Rxb2 1-0